000 02508nam0a2200361 4500
001 RU\NLR\bibl\1749421
005 20250616120017.0
010 _a978-5-9552-0387-4
_9150
021 _aRU
_b2011-14953
_91064
035 _a(NLR Aleph) 001740289
090 _a1455029
_c1455029
100 _a20110322d2010 |||y0rusy50 ca
101 0 _arus
102 _aRU
105 _ay |||||||||
200 1 _aВзаимодействие следственных органов и оперативно-разыскных подразделений органов внутренних дел на этапе выявления, раскрытия и расследования преступлений
_eучебно-методическое пособие
_fМ-во внутр. дел Рос. Федерации, Всерос. ин-т повышения квалификации сотрудников МВД России
_g[Афонькин Г.П. и др.]
210 _aДомодедово
_cВИПК МВД России
_d2010
215 _a49 с.
_d21
320 _aБиблиогр.: с. 40-42 и в подстроч. примеч.
606 1 _aОрганы предварительного следствия
_jУчебно-методические пособия
_xВзаимодействие с органами внутренних дел
_yРоссийская Федерация
_92626199
_3RU\NLR\auth\661562759
606 1 _aОрганы внутренних дел
_jУчебно-методические пособия
_xВзаимодействие с органами предварительного следствия
_yРоссийская Федерация
_92626200
_3RU\NLR\auth\661562760
606 1 _aПреступления
_jУчебно-методические пособия
_xРасследование
_xВзаимодействие правоохранительных органов
_yРоссийская Федерация
_92210837
_3RU\NLR\auth\661328083
686 _aХ629.14я7
686 _aХ621.163.1я7
702 1 _aАфонькин
_bГ. П.
_gГеннадий Павлович
_4220
712 0 2 _4475
_aВсероссийский институт повышения квалификации сотрудников МВД России
_cДомодедово
_9827570
_3RU\NLR\AUTH\880580958
801 0 _aRU
_bNLR
_c20110322
_gRCR
801 1 _aRU
_bNLR
_c20110322
830 _aСост. по кн.
942 _cBOOK
980 _aNB